| 000 | 00569nam a2200181Ia 4500 | ||
|---|---|---|---|
| 008 | 100920s9999 xx 000 0 und d | ||
| 082 |
_b70192 _a891.463.1 0 |
||
| 100 | _aपोखरकर प्रशांत. | ||
| 245 | _aब्लॅक टायगर. | ||
| 260 |
_bपुष्प प्रकाशन, पुणे. _c0 |
||
| 300 |
_a188 _bसाधी |
||
| 365 | _b100 | ||
| 520 | _aलघुकथा. | ||
| 630 | _aब्लॅक टायगर. | ||
| 650 | _aलघुकथा. | ||
| 730 | _aब्लॅक टायगर. | ||
| 942 | _cBOOK | ||
| 999 |
_c712237 _d712234 |
||